| 000 | 03197nam0a22003371 4500 | ||
|---|---|---|---|
| 001 | v19\rc\1684676 | ||
| 005 | 20260406121720.0 | ||
| 035 | _a(NLR Aleph) 005243967 | ||
| 090 |
_a5734054 _c5734054 |
||
| 100 | _a20061002d1896 |||y0rusy50 ca | ||
| 101 | 0 | _arus | |
| 102 | _aRU | ||
| 105 | _ac z ||||| | ||
| 200 | 1 |
_aПолное собрание сочинений И.А. Гончарова _fС портр. авт., грав. акад. И.П. Пожалостиным и факс. |
|
| 205 | _a3-е изд. Т. 1-9 | ||
| 210 |
_aСанкт-Петербург _cГлазунов _d1896 |
||
| 215 |
_a9 т. _cфронт. (портр.) _d22 |
||
| 327 | 1 | _aСодерж.: Т. 1. Биография Гончарова / А. Филонов. Обыкновенная история: Роман в 2 ч. Т. 2. Обломов: Роман в 4 ч. Ч. 1-2. Т. 3. Обломов. Ч. 3-4. Т. 4. Обрыв: Роман в 5 ч. Ч. 1-2. Т. 5. Обрыв. Ч. 3-5. Т. 6. Фрегат Паллада: Очерки путешествия: В 2 т. Т. 1. Т. 7. Фрегат Паллада. Т. 2. Через двадцать лет. Т. 8. Четыре очерка: Литературный вечер; Мильон терзаний; Заметки о личности Белинского; Лучше поздно, чем никогда. Т. 9. Иван Савич Поджабрин: Очерки; Воспоминания; Слуги старого века | |
| 464 | 0 |
_12001#$aБиография Гончарова$fА. Филонов _1700#1$3RU\NLR\AUTH\7789453$7ca$aФилонов$bА. Г.$f1831-1908$gАндрей Григорьевич _tБиография Гончарова _aФилонов, Андрей Григорьевич (1831-1908) |
|
| 464 | 0 |
_12001#$aОбыкновенная история$eРоман в 2 ч.$aОбломов$eРоман в 4 ч. Ч. 1-2$aОбломов$eЧ. 3-4$aОбрыв$eРоман в 5 ч. Ч. 1-2$aОбрыв$eЧ. 3-5$aФрегат Паллада$eОчерки путешествия$eВ 2 т. Т. 1$aФрегат Паллада$eТ. 2$aЧерез двадцать лет$aЛитературный вечер$aМильон терзаний$aЗаметки о личности Белинского$aЛучше поздно, чем никогда$aИван Савич Поджабрин$eОчерки$aВоспоминания$aСлуги старого века _1702#1$3RU\NLR\AUTH\7716241$7ca$aБелинский$bВ. Г.$f1811-1848$gВиссарион Григорьевич$4570 _tСлуги старого века |
|
| 532 | 1 | 0 | _aПолное собрание сочинений Ивана Александровича Гончарова |
| 700 | 1 |
_8rus _7ca _aГончаров _bИ. А. _f1812-1891 _gИван Александрович _3RU\NLR\AUTH\77582 _9110628 |
|
| 702 | 1 |
_4440 _7ca _8rus _aПожалостин _bИ. П. _f1837-1909 _gИван Петрович _9234362 _3RU\NLR\AUTH\770234418 |
|
| 801 | 0 |
_aRU _bNLR _c20061002 _gpsbo |
|
| 801 | 0 |
_aRU _bRuMoRGB _c20061002 _2psbo |
|
| 801 | 1 |
_aRU _bProSoft-M _c20061002 _2rusmarc |
|
| 801 | 2 |
_aRU _bNLR _c20111130 _2rusmarc |
|
| 852 |
_aNLR _j18.184.4.2 |
||
| 852 |
_aNLR _j130/2141 |
||
| 942 | _cBOOK | ||
| 980 | _aNB | ||